000 00290nam a22001217a 4500
008 170627b xxu||||| |||| 00| 0 eng d
041 _aeng
080 _23 ED
_a82
100 _a21
101 _aGJL
245 _aTHE LOGMAN ANTHOLOGY BRITISH LITERATURE
_cDAMROCH.D
942 _2udc
_cBK
999 _c19282
_d19282